Statistics for WWE Nicknames

Click here to take the quiz!

General Stats

  • This quiz has been taken 289 times
  • The average score is 9 of 11

Answer Stats

HintAnswer% Correct
The Beast IncarnateBrock Lesnar
94%
The Heartbreak KidShawn Michaels
91%
The DeadmanUndertaker
89%
The Devils Favorite DemonKane
87%
The ChampJohn Cena
85%
The Cerebral AssassinTriple H
81%
The Nature BoyRic Flair
78%
The Great OneThe Rock
76%
The American DreamDusty Rhodes
72%
One Man BandHeath Slater
69%
The Big GuyRyback
59%

Score Distribution

Percentile by Number Answered

Percent of People with Each Score

Your Score History

You have not taken this quiz